000
00302nam a22001337a 4500
008
171123b xxu||||| |||| 00| 0 eng d
020
_a
0028974085
041
_a
eng
080
_a
030
100
_a
21
101
_a
ENC
245
_a
ENCYCLOPEDIA LEARNING AND MEMORY
_c
LARRY.R.S
942
_2
udc
_c
BK
999
_c
38306
_d
38306